Journal of semantics

Gespeichert in:
Bibliographische Detailangaben
Körperschaft: N.I.S Foundation
Format: Zeitschrift
Sprache:English
Veröffentlicht: Nijmegen, Holland : N.I.S. Foundation, Nijmegen Inctitute of Semantics, 1982-
Tags: Tag hinzufügen
Keine Tags, Fügen Sie den ersten Tag hinzu!
Thư viện lưu trữ: Thư viện Trường Đại học Đà Lạt
LEADER 00567nam a2200241 4500
001 DLU080062387
022 # # |a 0167-5133 
040 # # |a DLU  |b eng 
041 # # |a eng 
245 # # |a Journal of semantics 
260 # # |a Nijmegen, Holland :  |b N.I.S. Foundation, Nijmegen Inctitute of Semantics,  |c  1982- 
300 # # |a v. ;  |c 23 cm. 
310 # # |a Quarterly 
710 # # |a N.I.S Foundation 
992 # # |a 0 
994 # # |a DLU 
900 # # |a True 
911 # # |a Lưu Ngọc Hà 
925 # # |a G 
926 # # |a A 
927 # # |a TT 
980 # # |a Thư viện Trường Đại học Đà Lạt